000
00326nam a22001457a 4500
003
SGT
020
_a
9788186514382
082
_a
001.4
_b
JIN
100
_a
JINDAL
245
_a
SAMKALEEN VAIGYANIK ANUSANDHAN
260
_a
NEW DELHI
_b
DESIDOC
_c
2013
300
_a
266
650
_a
SCIENCE RESEARCH METHODOLOGY
942
_2
ddc
_c
BK
999
_c
8203
_d
8203